000 01190cam a22003131 4500
001 gs 54000024
003 DLC
005 20260227111401.0
008 861119s1953 bccabf b 000 0 eng c
010 _ags 54000024
035 _a(OCoLC)14770033
040 _aU.S. Geol. Survey. Libr.
_cTxDaM
_dDLC
042 _apremarc
050 0 0 _aTN27
_b.B72 no. 31
100 1 _aMathews, William Henry,
_d1919-
245 0 0 _aGeology of the Sheep Creek camp.
260 _aVictoria,
_bD. McDiarmid, printer to the Queen,
_c1953.
300 _a94 p.
_billus., plates, col. map, tables.
_c27 cm.
490 1 _aBritish Columbia. Dept. of Mines. Bulletin
_vno. 31
500 _aPart of illustrative matter folded in pocket.
504 _aBibliography: p. 78.
500 _aErrata slip inserted.
650 0 _aGeology
_zBritish Columbia
_zSheep Creek Camp.
650 0 _aPetrology
_zBritish Columbia
_zSheep Creek Camp.
650 0 _aGeology, Stratigraphic
_yCambrian.
650 0 _aGold mines and mining
_zBritish Columbia
_zSheep Creek Camp.
650 0 _aMines and mineral resources
_zBritish Columbia
_zSheep Creek Camp.
810 1 0 _aBritish Columbia.
_bDepartment of Mines.
_tBulletin
_vno. 31.
999 _c28821
_d28821